000 00367nam a2200145Ia 4500
008 231129s1994||||xx |||||||||||||| ||spa||
020 _a958-07-0847-9
040 _bspa
082 _a843.993 P713r
100 _aPlante Raymond
245 0 _aEl rey de nada
260 _c1994
264 _aEdilux Ediciones
942 _2ddc
_cBKS
999 _c12325
_d12325